000 00544nam a22001817a 4500
999 _c40902
_d40902
003 OSt
005 20200827120135.0
008 200827b ||||| |||| 00| 0 eng d
020 _a9781259062599
040 _coclc
082 _a535.84
_bBAN/F
100 _aBanwell, Colin N
245 _aFundamentals Of Molecular Spectroscopy /
_cColin N Banwell ; Elaine M Mccash
250 _a5th Ed.
260 _aNew Delhi:
_bMcGraw Hill Education,
_c2013.
300 _a383p
942 _cBK
_2ddc
_h535.84
_iBAN/F
_k535.84
_mBAN/F